Stades de Ligue 1 (2025-2026) - Statistiques

Statistiques générales
  • Ce quiz a été pris 887 fois
  • Le résultat moyen est 13 sur 18
Statistiques - réponses
Équipe Stade Capacité % Correct
Paris-Saint-Germain Parc des Princes 47 929
99%
Olympique de Marseille Stade Vélodrome 66 226
99%
Olympique Lyonnais Parc OL 57 206
93%
FC Nantes Stade de la Beaujoire 35 322
88%
AS Monaco Stade Louis-II 16 500
82%
LOSC Stade Pierre-Mauroy 50 186
81%
RC Lens Stade Bollaert-Delelis 38 223
80%
OGC Nice Allianz Riviera 35 596
75%
Toulouse Stadium de Toulouse 33 150
74%
RC Strasbourg Stade de la Meinau 26 109
68%
Stade Rennais Roazhon Park 29 778
66%
Paris FC Stade Jean-Bouin 19 607
59%
Le Havre Stade Océane 25 178
58%
AJ Auxerre Stade de l'Abbé-Deschamps 18 541
57%
Angers SCO Stade Raymond Kopa 19 350
56%
Stade Brestois Stade Francis-Le Blé 15 220
53%
FC Metz Stade Saint-Symphorien 28 786
53%
FC Lorient Stade du Moustoir 16 787
48%
Aucun quiz correspondant
Distribution des résultats
% des personnes avec chaque résultat
Percentile par nombre de réponses
Votre historique - résultats
Vous n’avez pas pris ce quiz